Nové média v komunikačnej stratégii firmy diplomová práca

Saved in:
Bibliographic Details
Main Author: Hronská, Simona
Corporate Author: Obchodná fakulta EU. Katedra marketingu
Other Authors: Labská, Helena
Format: Book
Language:Slovak
Published: Bratislava 2010
Tags: Add Tag
No Tags, Be the first to tag this record!

MARC

LEADER 00000nam$a2200000$$$4500
001 0121586
005 20240318122921.0
041 0 |a slo 
044 |a SK 
245 1 0 |a Nové média v komunikačnej stratégii firmy  |b diplomová práca  |c Simona Hronská ; škol. Helena Labská 
264 1 |a Bratislava  |c 2010 
300 |a 72 s. 
100 1 |a Hronská, Simona 
700 1 |a Labská, Helena 
710 2 |a Obchodná fakulta EU. Katedra marketingu